000 00208nam a22000977a 4500
003 OSt
008 200922b ||||| |||| 00| 0 eng d
100 _aMaupassant, Guy De
_94760
245 _aUne vie
942 _cBK
999 _c16330
_d16330